[Event "PUR-ch"]
[Site "Bayamon"]
[Date "2013.05.25"]
[Round "3"]
[White "Caballero, Jose A"]
[Black "Sosa Trani, Luis"]
[Result "0-1"]
[WhiteElo "1789"]
[BlackElo "2073"]
[PlyCount "49"]
[EventDate "2013.05.24"]
[EventType "swiss"]
[EventRounds "9"]
[EventCountry "PUR"]
[SourceTitle "CBM 154 Extra"]
[Source "ChessBase"]
[SourceDate "2013.06.25"]
[SourceVersion "2"]
[SourceVersionDate "2013.06.25"]
[SourceQuality "1"]

1. d4 Nf6 2. c4 c5 3. d5 b5 4. cxb5 a6 5. bxa6 g6 6. Nf3 Bxa6 7. g3 d6 8. Bg2 Bg7 9. 0-0 0-0 10. Re1 Nbd7 11. Nc3 Qb6 12. Rb1 Rfb8 13. Na4 Qb7 14. e4 Ng4 15. b3 Nde5 16. Nxe5 Nxe5 17. Nb2 c4 18. Bf1 cxb3 19. Bxa6 Rxa6 20. a4 Qb4 21. Re3 Rab6 22. Qd2 Qc5 23. a5 Rb5 24. a6 Bh6 25. Qc3 0-1

[Event "PUR-ch"]
[Site "Bayamon"]
[Date "2013.05.24"]
[Round "1"]
[White "Caballero, Jose A"]
[Black "Berrios Echevarria, Gabriel"]
[Result "0-1"]
[WhiteElo "1789"]
[BlackElo "2200"]
[PlyCount "46"]
[EventDate "2013.05.24"]
[EventType "swiss"]
[EventRounds "9"]
[EventCountry "PUR"]
[SourceTitle "CBM 154 Extra"]
[Source "ChessBase"]
[SourceDate "2013.06.25"]
[SourceVersion "2"]
[SourceVersionDate "2013.06.25"]
[SourceQuality "1"]

1. d4 Nf6 2. c4 g6 3. Nc3 Bg7 4. Nf3 d6 5. e4 0-0 6. Be2 Na6 7. 0-0 e5 8. dxe5 dxe5 9. Qxd8 Rxd8 10. Bg5 Re8 11. Rfd1 h6 12. Bxf6 Bxf6 13. Nd5 Bd8 14. a3 Nc5 15. Nd2 c6 16. Nc3 Ne6 17. Nb3 b6 18. Rd6 Be7 19. Rdd1 Nf4 20. Bf3 Be6 21. Nd2 Rad8 22. g3 Nd3 23. Rab1 Bc5 0-1